|
|
|
|
| LEADER |
00000cam a2200000 4500 |
| 001 |
vtls012227566 |
| 003 |
SK-MaSNL |
| 005 |
20260302075038.0 |
| 008 |
230414s2022 xo a e 000 f slo |
| 015 |
|
|
|a SNBA2023/05
|
| 020 |
|
|
|a 9788082410153
|q (viazané)
|
| 040 |
|
|
|a SNK
|b slo
|c SNK
|e rda
|
| 041 |
0 |
|
|a slo
|
| 044 |
|
|
|a xo
|c SK
|
| 072 |
|
7 |
|a 821.162.4-3
|x Slovenská próza
|2 konspekt
|
| 080 |
|
|
|a 821.162.4-31
|2 2011
|
| 080 |
|
|
|a 821-311.6
|2 2011
|
| 080 |
|
|
|a 821-311.3
|2 2011
|
| 100 |
1 |
|
|a Majchráková, Svetlana,
|d 1976-
|4 aut
|9 257545
|
| 245 |
1 |
0 |
|a Kráľovstvo
|c Svetlana Majchráková ; ilustrovala Oksana Lukomska
|
| 250 |
|
|
|a Prvé vydanie
|
| 264 |
|
1 |
|a Bratislava
|b DAXE
|c 2022
|
| 300 |
|
|
|a 291 strán
|b farebné ilustrácie
|c 24 cm
|
| 336 |
|
|
|a text
|b txt
|2 rdacontent
|
| 337 |
|
|
|a bez média
|b n
|2 rdamedia
|
| 338 |
|
|
|a zväzok
|b nc
|2 rdacarrier
|
| 500 |
|
|
|a Obsahuje poznámky pod čiarou
|
| 655 |
|
7 |
|a slovenské romány
|2 SNKPH
|9 70324
|
| 655 |
|
7 |
|a Slovak fiction
|2 SNKPHeng
|9 277096
|
| 655 |
|
7 |
|a historické romány
|2 SNKPH
|9 70253
|
| 655 |
|
7 |
|a Historical novels
|2 SNKPHeng
|9 276887
|
| 655 |
|
7 |
|a dobrodružné romány
|2 SNKPH
|9 70486
|
| 655 |
|
7 |
|a Adventure novels
|2 SNKPHeng
|9 278333
|
| 700 |
1 |
|
|a Lukomska, Oksana,
|d 1961-
|4 ill
|9 88564
|
| 852 |
|
|
|a Slovenská národná knižnica
|
| 919 |
|
|
|a 978-80-8241-015-3
|
| 954 |
|
|
|a beletria pôvodná (slovenská)
|2 lita
|
| 958 |
|
|
|a LX
|
| 999 |
|
|
|c 1167598
|d 1169528
|
| 952 |
|
|
|a SNK
|b SNK
|y PREZ
|7 0
|p 17A1527946
|o snkSC 201726
|i snk2023/6065
|8 0
|0 0
|1 0
|4 0
|d 2023-04-14
|f 1
|l 0
|r 2025-10-24 00:00:00
|w 2026-02-24
|